| 000 | 00829nam a2200253Ia 4500 | ||
|---|---|---|---|
| 001 | 2134 | ||
| 003 | GE_BSU | ||
| 008 | 181216s||||||||xx |||||||||||||| ||und|| | ||
| 020 | _a5030035214 | ||
| 040 | _cGE_BSU | ||
| 080 | _a577.2(075.8) | ||
| 100 | _aРис,Э. | ||
| 245 | _aВведение в молекулярную биологию. От клеток к атомам | ||
| 245 | _bПеревод с англ. языка. | ||
| 245 | _cПод ред.Ю.С.Лазуркина В.А Ткачука | ||
| 260 | _aМосква | ||
| 260 | _bМир | ||
| 260 | _c2002 | ||
| 300 | _a142стр. илл. | ||
| 541 | _h30л. | ||
| 653 | _aВведение в молекулярную биологию. От клеток к атомам | ||
| 653 | _aმოლეკულური ბიოლოგია | ||
| 942 | _cBK | ||
| 999 |
_c36231 _d36231 |
||